000
00310 a2200109 4500
001
ART_23594
005
20260410161827.0
008
260409a
245
1
0
_a
Finanzas de organizaciones
100
1
_a
Ramírez, Norberto L.
773
0
_t
FACES
_g
- Año 19, Nº 40/41 (ene./dic. 2013)
_w
REV5046
999
_c
22849
_d
22849